| 000 | 00553cam a22002052 4500 | ||
|---|---|---|---|
| 001 | 0000006219 | ||
| 005 | 20151217154358.0 | ||
| 008 | 070926s xx 000 0 eng d | ||
| 020 |
_a0070421471 : _cKES 740 |
||
| 040 |
_aKABU _cKABU |
||
| 100 | 1 |
_aDash, Madhab C. _@0000157618 |
|
| 245 | 1 | 0 | _aFundamentals of ecology. |
| 250 | _a2nd ed. | ||
| 260 |
_aNew Delhi : _bMcGraw-Hill, _c2001. |
||
| 300 | _axiii, 525 p. | ||
| 650 | 0 |
_aEcology. _@0000155307 |
|
| 908 | _a070926 | ||
| 950 | _@1 | ||
| 999 |
_c10886 _d10886 |
||